<?xml version="1.0" encoding="UTF-8"?>
<record
    xmlns:xsi="http://www.w3.org/2001/XMLSchema-instance"
    xsi:schemaLocation="http://www.loc.gov/MARC21/slim http://www.loc.gov/standards/marcxml/schema/MARC21slim.xsd"
    xmlns="http://www.loc.gov/MARC21/slim">

  <leader>01347nam2a22002771  4500</leader>
  <controlfield tag="001">RU\NLR\A1SV\120111</controlfield>
  <controlfield tag="005">20260311153723.0</controlfield>
  <datafield tag="035" ind1=" " ind2=" ">
    <subfield code="a">(NLR Aleph) 010440790</subfield>
  </datafield>
  <datafield tag="090" ind1=" " ind2=" ">
    <subfield code="a">13488926</subfield>
    <subfield code="c">13488926</subfield>
  </datafield>
  <datafield tag="100" ind1=" " ind2=" ">
    <subfield code="a">20130712d1919    u  y0rusy50      ca</subfield>
  </datafield>
  <datafield tag="101" ind1="0" ind2=" ">
    <subfield code="a">rus</subfield>
  </datafield>
  <datafield tag="200" ind1="1" ind2=" ">
    <subfield code="a">&#x420;&#x443;&#x43A;&#x43E;&#x432;&#x43E;&#x434;&#x44F;&#x449;&#x438;&#x435; &#x443;&#x43A;&#x430;&#x437;&#x430;&#x43D;&#x438;&#x44F; &#x43F;&#x43E; &#x43E;&#x440;&#x433;&#x430;&#x43D;&#x438;&#x437;&#x430;&#x446;&#x438;&#x438; &#x442;&#x435;&#x430;&#x442;&#x440;&#x430;</subfield>
    <subfield code="f">&#x421;&#x43E;&#x442;&#x440;&#x443;&#x434;&#x43D;&#x438;&#x43A;&#x438;: &#x41A;.&#x41D;.&#x412;&#x435;&#x440;&#x442;&#x44B;&#x448;&#x435;&#x432;, &#x422;.&#x412;.&#x41B;&#x435;&#x43E;&#x43D;&#x442;&#x44C;&#x435;&#x432;, &#x41D;.&#x412;.&#x41F;&#x435;&#x442;&#x440;&#x43E;&#x432;, &#x415;.&#x41D;.&#x421;&#x435;&#x440;&#x433;&#x438;&#x435;&#x432;</subfield>
  </datafield>
  <datafield tag="215" ind1=" " ind2=" ">
    <subfield code="a">56, [1] &#x441;.</subfield>
  </datafield>
  <datafield tag="320" ind1=" " ind2=" ">
    <subfield code="a">&#x411;&#x438;&#x431;&#x43B;&#x438;&#x43E;&#x433;&#x440;.: &#x421;.47-56</subfield>
  </datafield>
  <datafield tag="461" ind1=" " ind2="1">
    <subfield code="1">001RU\NLR\A1SV\120110</subfield>
    <subfield code="1">2000#$v&#x412;&#x44B;&#x43F;.1</subfield>
    <subfield code="9">9889663</subfield>
    <subfield code="c">&#x41F;&#x435;&#x442;&#x440;&#x43E;&#x437;&#x430;&#x432;&#x43E;&#x434;&#x441;&#x43A;</subfield>
    <subfield code="d">1919-1920</subfield>
    <subfield code="n">&#x41E;&#x442;&#x434;. &#x43D;&#x430;&#x440;. &#x43E;&#x431;&#x440;&#x430;&#x437;&#x43E;&#x432;. &#x43F;&#x440;&#x438; &#x41E;&#x43B;&#x43E;&#x43D;. &#x433;&#x443;&#x431;. &#x438;&#x441;&#x43F;. &#x43A;-&#x442;&#x435; &#x421;&#x43E;&#x432;. &#x43A;., &#x440;. &#x438; &#x43A;. &#x434;.</subfield>
    <subfield code="t">&#x422;&#x435;&#x430;&#x442;&#x440; &#x432; &#x434;&#x435;&#x440;&#x435;&#x432;&#x43D;&#x435;</subfield>
    <subfield code="v">&#x412;&#x44B;&#x43F;.1</subfield>
  </datafield>
  <datafield tag="702" ind1=" " ind2="1">
    <subfield code="a">&#x412;&#x435;&#x440;&#x442;&#x44B;&#x448;&#x435;&#x432;</subfield>
    <subfield code="b">&#x41A;.&#x41D;.</subfield>
    <subfield code="f">1881-1942</subfield>
    <subfield code="g">&#x41A;&#x43E;&#x43D;&#x441;&#x442;&#x430;&#x43D;&#x442;&#x438;&#x43D; &#x41D;&#x438;&#x43A;&#x43E;&#x43B;&#x430;&#x435;&#x432;&#x438;&#x447;</subfield>
  </datafield>
  <datafield tag="702" ind1=" " ind2="1">
    <subfield code="a">&#x41B;&#x435;&#x43E;&#x43D;&#x442;&#x44C;&#x435;&#x432;</subfield>
    <subfield code="b">&#x422;.&#x412;.</subfield>
    <subfield code="f">1880-1964</subfield>
    <subfield code="g">&#x422;&#x438;&#x43C;&#x43E;&#x444;&#x435;&#x439; &#x412;&#x430;&#x441;&#x438;&#x43B;&#x44C;&#x435;&#x432;&#x438;&#x447;</subfield>
  </datafield>
  <datafield tag="702" ind1=" " ind2="1">
    <subfield code="a">&#x421;&#x435;&#x440;&#x433;&#x438;&#x435;&#x432;</subfield>
    <subfield code="b">&#x415;.&#x41D;.</subfield>
  </datafield>
  <datafield tag="702" ind1=" " ind2="1">
    <subfield code="7">ca</subfield>
    <subfield code="8">rus</subfield>
    <subfield code="a">&#x41F;&#x435;&#x442;&#x440;&#x43E;&#x432;</subfield>
    <subfield code="b">&#x41D;. &#x412;.</subfield>
    <subfield code="c">&#x434;-&#x440; &#x438;&#x441;&#x43A;&#x443;&#x441;&#x441;&#x442;&#x432;&#x43E;&#x432;&#x435;&#x434;&#x435;&#x43D;&#x438;&#x44F;, &#x440;&#x435;&#x436;&#x438;&#x441;&#x441;&#x435;&#x440;</subfield>
    <subfield code="f">1890-1964</subfield>
    <subfield code="g">&#x41D;&#x438;&#x43A;&#x43E;&#x43B;&#x430;&#x439; &#x412;&#x430;&#x441;&#x438;&#x43B;&#x44C;&#x435;&#x432;&#x438;&#x447;</subfield>
    <subfield code="9">200490</subfield>
    <subfield code="3">RU\NLR\AUTH\770200541</subfield>
  </datafield>
  <datafield tag="801" ind1=" " ind2="0">
    <subfield code="a">RU</subfield>
    <subfield code="b">NLR</subfield>
    <subfield code="c">20130712</subfield>
  </datafield>
  <datafield tag="852" ind1=" " ind2=" ">
    <subfield code="a">NLR</subfield>
    <subfield code="j">58-2/472</subfield>
  </datafield>
  <datafield tag="852" ind1=" " ind2=" ">
    <subfield code="a">NLR</subfield>
    <subfield code="j">&#x41C;&#x444; &#x41A;1/4644</subfield>
  </datafield>
  <datafield tag="942" ind1=" " ind2=" ">
    <subfield code="c">BOOK</subfield>
  </datafield>
  <datafield tag="980" ind1=" " ind2=" ">
    <subfield code="a">A1SV</subfield>
  </datafield>
  <datafield tag="980" ind1=" " ind2=" ">
    <subfield code="a">NB</subfield>
  </datafield>
</record>
